00346 a2200133 450000100060000008200150000610000150002124500710003626000350010730000110014250000170015365000200017074000220019066229 a515.15 YUS aYusuf S M. aKey to Calculus with Analytic Geometrybsolution manualcSM Yousuf alahorebIlmi Kital Khanac2001 a865 p. aCFT textbook asolution manual ainstructor manual